000 00738nam a2200253Ia 4500
003 OSt
005 20221007075944.0
006 a|||||r|||| 00| 0
007 ta
008 221006b |||||||| |||| 00| 0 eng d
020 _a9789386602954
024 _a45,836
037 _cTextual
040 _aFLL
_cFLL
_beng
041 _2eng
_aeng
082 _aZ73,2673, Q7
100 _aDARLING Kate
_9694437
245 0 _aCreating without law
_b challenging the asumptions of intellectual property
260 _aNew Delhi
_bSage INDIA
_c2017
300 _avi,280p.
_ccm.
700 _a PERZANOWSKI Aaron
_9694438
942 _hZ73,2673, Q7
_cTEXL
_2CC
999 _c1157929
_d1157929